000 00540 a2200169 4500
999 _c5225
_d5225
020 _a607847- LCCN
050 _aPS3562 LEE 1960
100 _aLee, Harper
_eauthor
245 _aTo kill a mockingbird /
_cHarper Lee
264 _aPhiladelphia :
_bJ. B. Lippincott Company,
_c1960.
300 _a296p. :
500 _aFiction
650 _aFinch, Atticus -- (Fictitious character) -- Fiction.
650 _aFinch, Scout -- (Fictitious character) -- Fiction.
650 _aFathers and daughters -- Fiction.
942 _2lcc
_cBK
_h3562
_iLEE
_kPS